[Event "69. UEM HT"]
[Site "Schweinfurt / Germany"]
[Date "2018.04.03"]
[Round "2.3"]
[White "Rachor, Udo"]
[Black "Herberich, Martin"]
[Result "1/2-1/2"]
[WhiteElo "1618"]
[BlackElo "1810"]
[Annotator "Lukas, Norbert"]
[PlyCount "48"]
[EventDate "2018.04.02"]
[EventType "swiss"]
[EventRounds "9"]
[EventCountry "GER"]
[SourceTitle "69. UEM"]
[Source "SK SW 2000 e.V."]
[SourceDate "2018.04.08"]
[SourceVersion "1"]
[SourceVersionDate "2018.04.08"]
[SourceQuality "1"]
[WhiteTeam "TSV 1895 Karlburg e.V."]
[BlackTeam "TV Faulbach e.V. 1920"]

1. e4 c5 2. Nf3 d6 3. d4 cxd4 4. Nxd4 Nf6 5. Nc3 a6 6. Be2 e5 7. Nf3 h6 8. O-O
Be6 9. a3 Be7 10. h3 Nbd7 11. Be3 Rc8 12. Nd2 O-O 13. f4 exf4 14. Rxf4 Ne5 15.
Kh1 Qd7 16. Qf1 Qd8 17. Rf2 Nfd7 18. Nf3 Nxf3 19. Bxf3 Ne5 20. Nd5 Bxd5 21.
exd5 Bf6 22. c3 Nxf3 23. Rxf3 Be5 24. Qd3 Qh4 1/2-1/2

[Event "69. UEM HT"]
[Site "Schweinfurt / Germany"]
[Date "2018.04.03"]
[Round "3.8"]
[White "Elbert, Thomas"]
[Black "Peuckert, Ruediger"]
[Result "1/2-1/2"]
[WhiteElo "1789"]
[BlackElo "1822"]
[Annotator "Lukas, Norbert"]
[PlyCount "73"]
[EventDate "2018.04.02"]
[EventType "swiss"]
[EventRounds "9"]
[EventCountry "GER"]
[SourceTitle "69. UEM"]
[Source "SK SW 2000 e.V."]
[SourceDate "2018.04.08"]
[SourceVersion "1"]
[SourceVersionDate "2018.04.08"]
[SourceQuality "1"]

1. d4 Nf6 2. Nf3 d5 3. Bf4 Bf5 4. e3 e6 5. Be2 Bd6 6. Bg5 h6 7. Bh4 g5 8. Bg3
Ne4 9. Bxd6 Nxd6 10. Nc3 Nd7 11. Nd2 Nf6 12. g4 Bg6 13. Nf1 c6 14. Ng3 Nfe4 15.
Ncxe4 Nxe4 16. c3 Nd6 17. Bd3 Qf6 18. Nh5 Bxh5 19. gxh5 Qe7 20. Qe2 f5 21.
O-O-O O-O-O 22. h3 Rdf8 23. f4 Rhg8 24. Rhg1 gxf4 25. exf4 Ne4 26. Rg6 Rxg6 27.
hxg6 Qh4 28. Qf3 Rg8 29. Rg1 Rg7 30. Bxe4 dxe4 31. Qg3 Qxg3 32. Rxg3 Kd7 33. h4
Ke7 34. h5 Kf6 35. Kd2 Rd7 36. Ke3 Kg7 37. Rg2 1/2-1/2

[Event "69. UEM HT"]
[Site "Schweinfurt / Germany"]
[Date "2018.04.03"]
[Round "3.10"]
[White "Bürger, Norbert"]
[Black "Schalkhäuser, Linus"]
[Result "1-0"]
[WhiteElo "1697"]
[BlackElo "801"]
[Annotator "Lukas, Norbert"]
[PlyCount "51"]
[EventDate "2018.04.02"]
[EventType "swiss"]
[EventRounds "9"]
[EventCountry "GER"]
[SourceTitle "69. UEM"]
[Source "SK SW 2000 e.V."]
[SourceDate "2018.04.08"]
[SourceVersion "1"]
[SourceVersionDate "2018.04.08"]
[SourceQuality "1"]
[WhiteTeam "DJK Abersfeld"]
[BlackTeam "Schachklub Schweinfurt 2000 e.V."]

1. d4 d5 2. Nc3 Nf6 3. f3 Bf5 4. g4 Bg6 5. h4 h5 6. g5 Nfd7 7. e4 dxe4 8. fxe4
Nc6 9. Bf4 f6 10. Nb5 Rc8 11. Nf3 e5 12. dxe5 fxe5 13. Bg3 Bxe4 14. Bh3 Bc5 15.
Qe2 a6 16. Qxe4 axb5 17. O-O-O Bd6 18. Qg6+ Kf8 19. Nxe5 Ncxe5 20. Rhf1+ Ke7
21. Qxg7+ Ke8 22. Qxh8+ Ke7 23. Qg7+ Ke8 24. Bxe5 Nxe5 25. Qg8+ Ke7 26. Qe6#
1-0

[Event "69. UEM HT"]
[Site "Schweinfurt / Germany"]
[Date "2018.04.03"]
[Round "3.6"]
[White "Brodt, Andreas"]
[Black "Pfennig, Joachim"]
[Result "0-1"]
[WhiteElo "1784"]
[BlackElo "1452"]
[Annotator "Lukas, Norbert"]
[PlyCount "94"]
[EventDate "2018.04.02"]
[EventType "swiss"]
[EventRounds "9"]
[EventCountry "GER"]
[SourceTitle "69. UEM"]
[Source "SK SW 2000 e.V."]
[SourceDate "2018.04.08"]
[SourceVersion "1"]
[SourceVersionDate "2018.04.08"]
[SourceQuality "1"]
[WhiteTeam "Schachklub Schweinfurt 2000 e.V."]
[BlackTeam "SC 1947 Bergrheinfeld"]

1. d4 Nf6 2. c4 e6 3. Nc3 g6 4. Bg5 Bg7 5. Nf3 O-O 6. e3 d6 7. Bd3 Nbd7 8. O-O
b6 9. h3 Bb7 10. Qc2 Bxf3 11. gxf3 c5 12. dxc5 Nxc5 13. Ne4 Rc8 14. Rad1 Ncxe4
15. fxe4 Qc7 16. b3 Qc5 17. Bxf6 Bxf6 18. Be2 Qg5+ 19. Kh2 Be7 20. Rg1 Qh4 21.
Rdf1 Qf6 22. f4 Rc7 23. Rg2 Rfc8 24. Rfg1 b5 25. Qb1 bxc4 26. Bxc4 Rc5 27. Be2
Rc2 28. Bc4 Rxg2+ 29. Rxg2 Qc3 30. Re2 Bd8 31. Kg3 Qf6 32. Qh1 Qh4+ 33. Kf3
Qh5+ 34. Kg2 Rxc4 35. Qd1 Rc6 36. Qd3 Bb6 37. Rc2 Rxc2+ 38. Qxc2 Qc5 39. Qxc5
Bxc5 40. Kf3 Kg7 41. e5 d5 42. e4 d4 43. Ke2 f6 44. exf6+ Kxf6 45. Kd3 e5 46.
a4 Bb4 47. h4 a5 0-1

[Event "69. UEM HT"]
[Site "Schweinfurt / Germany"]
[Date "2018.04.03"]
[Round "3.3"]
[White "Volkamer, Klaus"]
[Black "Köhler, Michael"]
[Result "1/2-1/2"]
[WhiteElo "1883"]
[BlackElo "1608"]
[Annotator "Lukas, Norbert"]
[PlyCount "54"]
[EventDate "2018.04.02"]
[EventType "swiss"]
[EventRounds "9"]
[EventCountry "GER"]
[SourceTitle "69. UEM"]
[Source "SK SW 2000 e.V."]
[SourceDate "2018.04.08"]
[SourceVersion "1"]
[SourceVersionDate "2018.04.08"]
[SourceQuality "1"]
[WhiteTeam "SC Kitzingen von 1905"]
[BlackTeam "SC Prichsenstadt"]

1. d4 d5 2. c4 e6 3. Nf3 Nf6 4. Bg5 Be7 5. Nc3 O-O 6. e3 h6 7. Bh4 b6 8. cxd5
exd5 9. Bd3 Bb7 10. O-O Nbd7 11. Rc1 c5 12. b3 Ne4 13. Bxe7 Qxe7 14. dxc5 Ndxc5
15. Be2 Rad8 16. Qd4 Ne6 17. Qd1 Qf6 18. Nb5 a6 19. Nbd4 Rc8 20. Nxe6 fxe6 21.
Bd3 Rxc1 22. Qxc1 Rc8 23. Qa1 Qxa1 24. Rxa1 Nc5 25. Be2 Kf7 26. Kf1 Kf6 27. Ke1
g5 1/2-1/2

[Event "69. UEM HT"]
[Site "Schweinfurt / Germany"]
[Date "2018.04.03"]
[Round "3.4"]
[White "Simon, Manuel"]
[Black "Brennfleck, Martin"]
[Result "1-0"]
[WhiteElo "1562"]
[BlackElo "1656"]
[Annotator "Lukas, Norbert"]
[PlyCount "59"]
[EventDate "2018.04.02"]
[EventType "swiss"]
[EventRounds "9"]
[EventCountry "GER"]
[SourceTitle "69. UEM"]
[Source "SK SW 2000 e.V."]
[SourceDate "2018.04.08"]
[SourceVersion "1"]
[SourceVersionDate "2018.04.08"]
[SourceQuality "1"]
[WhiteTeam "SK 1928 Mömbris"]
[BlackTeam "SC Kitzingen von 1905"]

1. e4 c5 2. Nf3 g6 3. d4 cxd4 4. Nxd4 Bg7 5. Be3 Nf6 6. Nc3 Nc6 7. Be2 d6 8. f3
O-O 9. Qd2 a6 10. O-O-O Nd7 11. Kb1 Nxd4 12. Bxd4 b5 13. Bxg7 Kxg7 14. h4 h6
15. g4 Ne5 16. Qd4 f6 17. g5 Be6 18. gxh6+ Kxh6 19. Qe3+ Kh7 20. f4 Nc4 21. Qg3
b4 22. Nd5 Na3+ 23. bxa3 Bxd5 24. exd5 bxa3 25. Qxa3 Rb8+ 26. Ka1 Qb6 27. h5
Qf2 28. hxg6+ Kg8 29. Qh3 Rb1+ 30. Kxb1 1-0

[Event "69. UEM HT"]
[Site "Schweinfurt / Germany"]
[Date "2018.04.03"]
[Round "3.9"]
[White "Susallek, Daniela"]
[Black "Chen, Jiwei"]
[Result "0-1"]
[WhiteElo "1100"]
[BlackElo "1062"]
[Annotator "Lukas, Norbert"]
[PlyCount "50"]
[EventDate "2018.04.02"]
[EventType "swiss"]
[EventRounds "9"]
[EventCountry "GER"]
[SourceTitle "69. UEM"]
[Source "SK SW 2000 e.V."]
[SourceDate "2018.04.08"]
[SourceVersion "1"]
[SourceVersionDate "2018.04.08"]
[SourceQuality "1"]
[WhiteTeam "SK 1928 Mömbris"]
[BlackTeam "Schachklub Schweinfurt 2000 e.V."]

1. e4 e5 2. Nf3 Nc6 3. Bc4 Bc5 4. d3 h6 5. Nc3 d6 6. h3 a6 7. a3 Nd4 8. Be3
Nxf3+ 9. Qxf3 Nf6 10. Bxc5 dxc5 11. O-O O-O 12. Nd5 Nh7 13. Qh5 c6 14. Ne3 b5
15. Ba2 Qd4 16. b3 c4 17. dxc4 Qxe4 18. cxb5 axb5 19. Bb1 Qd4 20. c3 Qxc3 21.
Bxh7+ Kxh7 22. Qd1 e4 23. Qc2 Qe5 24. Qxc6 Ra6 25. Qxb5 Qxb5 0-1

[Event "69. UEM HT"]
[Site "Schweinfurt / Germany"]
[Date "2018.04.03"]
[Round "3.2"]
[White "Herberich, Martin"]
[Black "Orf, Niklas"]
[Result "1/2-1/2"]
[WhiteElo "1810"]
[BlackElo "1892"]
[Annotator "Lukas, Norbert"]
[PlyCount "32"]
[EventDate "2018.04.02"]
[EventType "swiss"]
[EventRounds "9"]
[EventCountry "GER"]
[SourceTitle "69. UEM"]
[Source "SK SW 2000 e.V."]
[SourceDate "2018.04.08"]
[SourceVersion "1"]
[SourceVersionDate "2018.04.08"]
[SourceQuality "1"]
[WhiteTeam "TV Faulbach e.V. 1920"]
[BlackTeam "SK 1933 Bad Neustadt"]

1. e4 d6 2. d4 Nf6 3. Bd3 Nbd7 4. c3 e5 5. Be3 Be7 6. f3 c6 7. Ne2 Qc7 8. O-O
O-O 9. Nd2 d5 10. Bg5 Re8 11. Qb3 Bd6 12. Be3 Nf8 13. dxe5 Bxe5 14. f4 dxe4 15.
fxe5 exd3 16. Nd4 Rxe5 1/2-1/2

[Event "69. UEM HT"]
[Site "Schweinfurt / Germany"]
[Date "2018.04.03"]
[Round "3.8"]
[White "Brätz, Yannick"]
[Black "Nicola, Marius"]
[Result "1-0"]
[WhiteElo "1363"]
[BlackElo "1491"]
[Annotator "Lukas, Norbert"]
[PlyCount "59"]
[EventDate "2018.04.02"]
[EventType "swiss"]
[EventRounds "9"]
[EventCountry "GER"]
[SourceTitle "69. UEM"]
[Source "SK SW 2000 e.V."]
[SourceDate "2018.04.08"]
[SourceVersion "1"]
[SourceVersionDate "2018.04.08"]
[SourceQuality "1"]
[WhiteTeam "Schachklub Schweinfurt 2000 e.V."]
[BlackTeam "Schachklub Schweinfurt 2000 e.V."]

1. e4 e5 2. Nf3 Nc6 3. Bc4 Bc5 4. d3 Nf6 5. c3 d6 6. Nbd2 O-O 7. a4 Bg4 8. b4
Nxb4 9. cxb4 Bxb4 10. O-O c5 11. h3 Be6 12. Qb3 Qd7 13. Ba3 Bxd2 14. Nxd2 Bxh3
15. gxh3 Qxh3 16. Qd1 Ng4 17. Nf3 Nf6 18. Nh2 Nh5 19. Qg4 Qxg4+ 20. Nxg4 Nf4
21. Ne3 Kh8 22. Ng2 f5 23. Nxf4 exf4 24. f3 fxe4 25. dxe4 Rf6 26. Kf2 Raf8 27.
Bb2 Rg6 28. Rg1 b6 29. Rxg6 hxg6 30. Rh1# 1-0

[Event "69. UEM HT"]
[Site "Schweinfurt / Germany"]
[Date "2018.04.03"]
[Round "3.11"]
[White "Gerhard, Phillip"]
[Black "Bokov, Igor"]
[Result "1-0"]
[WhiteElo "964"]
[BlackElo "741"]
[Annotator "Lukas, Norbert"]
[PlyCount "51"]
[EventDate "2018.04.02"]
[EventType "swiss"]
[EventRounds "9"]
[EventCountry "GER"]
[SourceTitle "69. UEM"]
[Source "SK SW 2000 e.V."]
[SourceDate "2018.04.08"]
[SourceVersion "1"]
[SourceVersionDate "2018.04.08"]
[SourceQuality "1"]
[WhiteTeam "TSV 1895 Karlburg e.V."]
[BlackTeam "Schachklub Schweinfurt 2000 e.V."]

1. e4 e5 2. Nf3 Nc6 3. Bb5 f6 4. O-O Nh6 5. d3 Nd4 6. Nxd4 exd4 7. Bxh6 gxh6 8.
Bc4 Bg7 9. Qh5+ Ke7 10. Qf7+ Kd6 11. Qxg7 Qg8 12. Bxg8 Rxg8 13. Qxg8 b6 14.
Qxh7 Kc6 15. Qxh6 Kb7 16. Qxf6 c6 17. c3 dxc3 18. Nxc3 Kc7 19. e5 Ba6 20. Qd6+
Kb7 21. Qxd7+ Kb8 22. e6 Bxd3 23. Rfd1 Bf5 24. Qxc6 Bxe6 25. Rd8+ Bc8 26. Qxc8#
1-0

[Event "69. UEM HT"]
[Site "Schweinfurt / Germany"]
[Date "2018.04.04"]
[Round "4.8"]
[White "Peuckert, Ruediger"]
[Black "Simon, Manuel"]
[Result "0-1"]
[WhiteElo "1822"]
[BlackElo "1562"]
[Annotator "Lukas, Norbert"]
[PlyCount "124"]
[EventDate "2018.04.02"]
[EventType "swiss"]
[EventRounds "9"]
[EventCountry "GER"]
[SourceTitle "69. UEM"]
[Source "SK SW 2000 e.V."]
[SourceDate "2018.04.08"]
[SourceVersion "1"]
[SourceVersionDate "2018.04.08"]
[SourceQuality "1"]

1. d4 Nf6 2. Bf4 g6 3. e3 Bg7 4. Nf3 d5 5. Bd3 O-O 6. Nbd2 Nbd7 7. Ne5 Nh5 8.
Qf3 Nb6 9. g4 Nxf4 10. Qxf4 f6 11. Nxg6 hxg6 12. Bxg6 Qd6 13. Qf3 Bh6 14. Qh3
Kg7 15. Qh5 Rh8 16. Bd3 Be6 17. Qg6+ Kf8 18. O-O-O Bf7 19. Qf5 Qd7 20. Qf3 Bg5
21. h4 Bxh4 22. Rh3 Kg7 23. Rdh1 Bg5 24. Rxh8 Rxh8 25. Rxh8 Kxh8 26. Qh3+ Kg7
27. Qh7+ Kf8 28. Qh8+ Bg8 29. Bh7 Qe6 30. f4 Bxf4 31. Qxg8+ Qxg8 32. Bxg8 Bxe3
33. Be6 Bxd4 34. Nf3 Be3+ 35. Kd1 Kg7 36. Nh4 Bf4 37. Nf5+ Kf8 38. Ke2 Ke8 39.
b3 Kd8 40. Kd3 c6 41. a4 Nd7 42. Ke2 Ne5 43. Nd4 Kc7 44. Bf5 Kd6 45. c3 Nf7 46.
Bc8 e5 47. Nf5+ Kc7 48. Be6 Ng5 49. Ng7 Nxe6 50. Nxe6+ Kd6 51. Ng7 b6 52. Nf5+
Kd7 53. c4 e4 54. cxd5 cxd5 55. Nd4 a6 56. b4 Kd6 57. b5 a5 58. Kd1 Be5 59. Nb3
d4 60. Kc2 Kd5 61. Kd2 Kc4 62. Kc2 d3+ 0-1

[Event "69. UEM HT"]
[Site "Schweinfurt / Germany"]
[Date "2018.04.04"]
[Round "4.9"]
[White "Hilgers, Peter"]
[Black "Bürger, Norbert"]
[Result "0-1"]
[WhiteElo "1265"]
[BlackElo "1697"]
[Annotator "Lukas, Norbert"]
[PlyCount "78"]
[EventDate "2018.04.02"]
[EventType "swiss"]
[EventRounds "9"]
[EventCountry "GER"]
[SourceTitle "69. UEM"]
[Source "SK SW 2000 e.V."]
[SourceDate "2018.04.08"]
[SourceVersion "1"]
[SourceVersionDate "2018.04.08"]
[SourceQuality "1"]
[WhiteTeam "DJK Abersfeld"]
[BlackTeam "DJK Abersfeld"]

1. f4 d5 2. Nf3 c5 3. g3 Nc6 4. Bg2 e6 5. d4 Nf6 6. O-O Bd7 7. b3 cxd4 8. Nxd4
Nxd4 9. Qxd4 Qb6 10. Qxb6 axb6 11. Bb2 Bc5+ 12. Kh1 O-O 13. Bxf6 gxf6 14. a3
Bb5 15. Bf3 Ra7 16. b4 Bxb4 17. c3 Bc5 18. Nd2 Rfa8 19. Rfb1 Bc6 20. e4 Rxa3
21. Rxa3 Rxa3 22. exd5 exd5 23. c4 d4 24. Bxc6 bxc6 25. Rd1 Rc3 26. Kg2 Rc2 27.
Kf3 Bb4 28. Ke2 c5 29. Kd3 Ra2 30. f5 Bxd2 31. Rxd2 Ra3+ 32. Ke4 Kf8 33. Kd5
Ke7 34. Rb2 Ra6 35. Rb5 Kd7 36. g4 h6 37. h3 Kc7 38. h4 Ra3 39. Rb2 Re3 0-1

[Event "69. UEM HT"]
[Site "Schweinfurt / Germany"]
[Date "2018.04.04"]
[Round "4.3"]
[White "Pfennig, Joachim"]
[Black "Volkamer, Klaus"]
[Result "1/2-1/2"]
[WhiteElo "1452"]
[BlackElo "1883"]
[Annotator "Lukas, Norbert"]
[PlyCount "29"]
[EventDate "2018.04.02"]
[EventType "swiss"]
[EventRounds "9"]
[EventCountry "GER"]
[SourceTitle "69. UEM"]
[Source "SK SW 2000 e.V."]
[SourceDate "2018.04.08"]
[SourceVersion "1"]
[SourceVersionDate "2018.04.08"]
[SourceQuality "1"]
[WhiteTeam "SC 1947 Bergrheinfeld"]
[BlackTeam "SC Kitzingen von 1905"]

1. e4 c5 2. Nf3 Nc6 3. d4 cxd4 4. Nxd4 Nf6 5. Nc3 d6 6. Be3 e5 7. Nxc6 bxc6 8.
Bc4 Be7 9. f3 O-O 10. Qd2 Be6 11. Bd3 d5 12. exd5 cxd5 13. Bg5 h6 14. Bxh6 gxh6
15. Qxh6 1/2-1/2

[Event "69. UEM HT"]
[Site "Schweinfurt / Germany"]
[Date "2018.04.04"]
[Round "4.7"]
[White "Brennfleck, Martin"]
[Black "Mehler, Walter"]
[Result "0-1"]
[WhiteElo "1656"]
[BlackElo "1646"]
[Annotator "Lukas, Norbert"]
[PlyCount "110"]
[EventDate "2018.04.02"]
[EventType "swiss"]
[EventRounds "9"]
[EventCountry "GER"]
[SourceTitle "69. UEM"]
[Source "SK SW 2000 e.V."]
[SourceDate "2018.04.08"]
[SourceVersion "1"]
[SourceVersionDate "2018.04.08"]
[SourceQuality "1"]
[WhiteTeam "SC Kitzingen von 1905"]
[BlackTeam "TSV 1895 Karlburg e.V."]

1. c4 e5 2. g3 Nf6 3. Bg2 g6 4. e4 Bg7 5. Ne2 Nc6 6. Nbc3 d6 7. O-O O-O 8. d3
Be6 9. h3 Qd7 10. Kh2 Nh5 11. f4 exf4 12. Nxf4 Nxf4 13. Bxf4 Nd4 14. Rb1 c6 15.
Ne2 Nxe2 16. Qxe2 Be5 17. b3 Rad8 18. Qe3 c5 19. Bxe5 dxe5 20. Qxc5 f6 21. Rbd1
b6 22. Qe3 Kg7 23. g4 Qe7 24. d4 exd4 25. Rxd4 Qc5 26. Rfd1 Qe5+ 27. Kh1 Rxd4
28. Qxd4 Qg5 29. Qd6 Qe5 30. Qxe5 fxe5 31. Kg1 Kh6 32. Rd6 Bc8 33. Rc6 Kg5 34.
Rc7 h5 35. gxh5 gxh5 36. Rxa7 Rd8 37. Kh2 Rd2 38. Kg3 Rd3+ 39. Bf3 h4+ 40. Kf2
Bxh3 41. Ke2 Rd6 42. Rb7 Kf4 43. Rf7+ Kg5 44. Re7 Kf4 45. Re8 Bf1+ 46. Kxf1
Kxf3 47. Ke1 Rg6 48. Rf8+ Kxe4 49. Kf2 Rg4 50. Rf3 Rf4 51. Rxf4+ Kxf4 52. a4 e4
53. c5 e3+ 54. Ke2 bxc5 55. a5 h3 0-1

[Event "69. UEM HT"]
[Site "Schweinfurt / Germany"]
[Date "2018.04.04"]
[Round "4.4"]
[White "Köhler, Michael"]
[Black "Herberich, Martin"]
[Result "0-1"]
[WhiteElo "1608"]
[BlackElo "1810"]
[Annotator "Lukas, Norbert"]
[PlyCount "62"]
[EventDate "2018.04.02"]
[EventType "swiss"]
[EventRounds "9"]
[EventCountry "GER"]
[SourceTitle "69. UEM"]
[Source "SK SW 2000 e.V."]
[SourceDate "2018.04.08"]
[SourceVersion "1"]
[SourceVersionDate "2018.04.08"]
[SourceQuality "1"]
[WhiteTeam "SC Prichsenstadt"]
[BlackTeam "TV Faulbach e.V. 1920"]

1. d4 d5 2. c4 e6 3. Nf3 c6 4. g3 Nf6 5. Bg2 Nbd7 6. O-O dxc4 7. Qc2 Be7 8.
Qxc4 O-O 9. Nbd2 Qc7 10. a3 e5 11. dxe5 Nxe5 12. Nxe5 Qxe5 13. Nf3 Qe6 14. Qc2
Qf5 15. Qxf5 Bxf5 16. Rd1 Rfd8 17. Be3 Nd5 18. Nd4 Nxe3 19. fxe3 Bg6 20. b4 Bg5
21. Kf2 Re8 22. Nxc6 Bxe3+ 23. Kf1 bxc6 24. Bxc6 Rad8 25. Bxe8 Rxe8 26. Rd7 Bf5
27. Rd5 Bg4 28. Rad1 Bb6 29. R1d2 g6 30. a4 Be3 31. Rd8 Bh3+ 0-1

[Event "69. UEM HT"]
[Site "Schweinfurt / Germany"]
[Date "2018.04.04"]
[Round "4.11"]
[White "Bokov, Igor"]
[Black "Susallek, Daniela"]
[Result "0-1"]
[WhiteElo "741"]
[BlackElo "1100"]
[Annotator "Lukas, Norbert"]
[PlyCount "108"]
[EventDate "2018.04.02"]
[EventType "swiss"]
[EventRounds "9"]
[EventCountry "GER"]
[SourceTitle "69. UEM"]
[Source "SK SW 2000 e.V."]
[SourceDate "2018.04.08"]
[SourceVersion "1"]
[SourceVersionDate "2018.04.08"]
[SourceQuality "1"]
[WhiteTeam "Schachklub Schweinfurt 2000 e.V."]
[BlackTeam "SK 1928 Mömbris"]

1. e4 e5 2. Qh5 Nf6 3. Qxe5+ Qe7 4. Qxe7+ Bxe7 5. f3 b6 6. Nc3 Ba6 7. Bxa6 Nxa6
8. Nd5 Nxd5 9. exd5 Bc5 10. Nh3 O-O 11. Nf4 Rfe8+ 12. Ne2 Nb4 13. Kd1 Nxd5 14.
Nc3 Nf4 15. g3 Ng6 16. Nd5 Bd6 17. d3 c6 18. Bf4 Nxf4 19. Nxf4 Bxf4 20. gxf4
Re3 21. Kd2 Rae8 22. Rhf1 f6 23. Rf2 Kf7 24. Raf1 d5 25. Rg2 R3e7 26. Rff2 g6
27. Re2 Rxe2+ 28. Rxe2 Rxe2+ 29. Kxe2 Ke6 30. Kd2 c5 31. c3 d4 32. cxd4 cxd4
33. Kc2 Kf5 34. Kb3 Kxf4 35. Kc4 Ke3 36. a4 a6 37. b4 Kxf3 38. Kxd4 f5 39. Kc4
Ke3 40. d4 f4 41. d5 f3 42. d6 f2 43. d7 f1=Q+ 44. Kb3 Qd3+ 45. Kb2 Qxd7 46. b5
axb5 47. axb5 Qxb5+ 48. Kc3 Qc6+ 49. Kb4 Kd3 50. h4 Qc5+ 51. Ka4 h5 52. Kb3
Qb5+ 53. Ka3 Kc2 54. Ka2 Qa5# 0-1

[Event "69. UEM HT"]
[Site "Schweinfurt / Germany"]
[Date "2018.04.04"]
[Round "4.2"]
[White "Orf, Niklas"]
[Black "Elbert, Thomas"]
[Result "1/2-1/2"]
[WhiteElo "1892"]
[BlackElo "1789"]
[Annotator "Lukas, Norbert"]
[PlyCount "41"]
[EventDate "2018.04.02"]
[EventType "swiss"]
[EventRounds "9"]
[EventCountry "GER"]
[SourceTitle "69. UEM"]
[Source "SK SW 2000 e.V."]
[SourceDate "2018.04.08"]
[SourceVersion "1"]
[SourceVersionDate "2018.04.08"]
[SourceQuality "1"]
[WhiteTeam "SK 1933 Bad Neustadt"]
[BlackTeam "Schachfreunde Sailauf"]

1. d4 Nf6 2. Nf3 e6 3. Bf4 d5 4. e3 Be7 5. c3 Nbd7 6. Bd3 b6 7. Nbd2 Bb7 8. Qe2
Ne4 9. Rd1 Ndf6 10. Ne5 a6 11. O-O O-O 12. f3 Nxd2 13. Rxd2 Nh5 14. Bg3 Nxg3
15. hxg3 f6 16. Ng4 Bd6 17. f4 c5 18. Rdd1 c4 19. Bb1 a5 20. e4 dxe4 21. Bxe4
1/2-1/2

[Event "69. UEM HT"]
[Site "Schweinfurt / Germany"]
[Date "2018.04.04"]
[Round "4.6"]
[White "Chen, Jiwei"]
[Black "Brätz, Yannick"]
[Result "0-1"]
[WhiteElo "1062"]
[BlackElo "1363"]
[Annotator "Lukas, Norbert"]
[PlyCount "74"]
[EventDate "2018.04.02"]
[EventType "swiss"]
[EventRounds "9"]
[EventCountry "GER"]
[SourceTitle "69. UEM"]
[Source "SK SW 2000 e.V."]
[SourceDate "2018.04.08"]
[SourceVersion "1"]
[SourceVersionDate "2018.04.08"]
[SourceQuality "1"]
[WhiteTeam "Schachklub Schweinfurt 2000 e.V."]
[BlackTeam "Schachklub Schweinfurt 2000 e.V."]

1. e4 e5 2. Nf3 Nc6 3. Bc4 Bc5 4. Nc3 Nf6 5. d3 h6 6. O-O O-O 7. h3 d6 8. Nd5
a6 9. Ne3 Be6 10. Bb3 Qd7 11. Bxe6 fxe6 12. Nh2 Qf7 13. f4 exf4 14. Rxf4 Qh5
15. Qxh5 Nxh5 16. Rh4 Ng3 17. Bd2 Nd4 18. Nhg4 Nxc2 19. Rc1 Ne2+ 20. Kh2 Nxc1
21. Bxc1 Nxe3 22. Nxe3 Rf2 23. Nc4 b5 24. Na5 Bb6 25. Nc6 Rc2 26. Ne7+ Kf7 27.
Bf4 Kxe7 28. Rg4 g5 29. Bg3 Bf2 30. Bxf2 Rxf2 31. Rg3 Raf8 32. d4 Rxb2 33. Rd3
Rff2 34. Kg1 Rxg2+ 35. Kf1 Rgc2 36. Re3 Rxa2 37. e5 b4 0-1

[Event "69. UEM HT"]
[Site "Schweinfurt / Germany"]
[Date "2018.04.04"]
[Round "4.8"]
[White "Nicola, Marius"]
[Black "Brodt, Andreas"]
[Result "0-1"]
[WhiteElo "1491"]
[BlackElo "1784"]
[Annotator "Lukas, Norbert"]
[PlyCount "132"]
[EventDate "2018.04.02"]
[EventType "swiss"]
[EventRounds "9"]
[EventCountry "GER"]
[SourceTitle "69. UEM"]
[Source "SK SW 2000 e.V."]
[SourceDate "2018.04.08"]
[SourceVersion "1"]
[SourceVersionDate "2018.04.08"]
[SourceQuality "1"]
[WhiteTeam "Schachklub Schweinfurt 2000 e.V."]
[BlackTeam "Schachklub Schweinfurt 2000 e.V."]

1. e4 c5 2. Nf3 d6 3. d4 cxd4 4. Nxd4 Nf6 5. Nc3 a6 6. Be3 e6 7. g4 g6 8. g5
Nfd7 9. Qd2 b5 10. a3 Bb7 11. Bg2 Ne5 12. b3 Nbc6 13. Nxc6 Nxc6 14. O-O-O Qc7
15. Bd4 e5 16. Be3 O-O-O 17. f3 Qa5 18. a4 Qb4 19. Nd5 Qa3+ 20. Kb1 bxa4 21.
bxa4 Kd7 22. Qc3 Qxc3 23. Nxc3 Be7 24. Bb6 Rb8 25. a5 Bxg5 26. Bh3+ Ke7 27.
Nd5+ Kf8 28. Bc7 Kg7 29. Nb6 Ba8 30. Rd5 Rb7 31. Bxd6 Nxa5 32. Bxe5+ f6 33. Bd4
Rxb6+ 34. Bxb6 Bxd5 35. Bxa5 Rb8+ 36. Ka1 Rb5 37. Bc3 Bc6 38. Bb2 Bf4 39. Be6
Rh5 40. h3 Ra5+ 41. Kb1 Rb5 42. Bb3 Bd7 43. Ba4 Rxb2+ 44. Kxb2 Bxa4 45. Ra1 Bb5
46. Re1 h5 47. Kb3 Bg3 48. Rd1 h4 49. c4 Bc6 50. Kb4 Be8 51. Ka5 Kf7 52. Kxa6
Ke7 53. Kb7 Ba4 54. Ra1 Bd7 55. Rh1 Bd6 56. Kb6 Kd8 57. c5 Bc7+ 58. Ka6 Bc6 59.
Rd1+ Ke7 60. Rd3 Ke6 61. Rd1 Ke5 62. Rd3 Kf4 63. Rb3 Ba4 64. Rb6 Bxb6 65. cxb6
Bc6 66. b7 Bxb7+ 0-1

[Event "69. UEM HT"]
[Site "Schweinfurt / Germany"]
[Date "2018.04.04"]
[Round "4.10"]
[White "Schalkhäuser, Linus"]
[Black "Gerhard, Phillip"]
[Result "1-0"]
[WhiteElo "801"]
[BlackElo "964"]
[Annotator "Lukas, Norbert"]
[PlyCount "85"]
[EventDate "2018.04.02"]
[EventType "swiss"]
[EventRounds "9"]
[EventCountry "GER"]
[SourceTitle "69. UEM"]
[Source "SK SW 2000 e.V."]
[SourceDate "2018.04.08"]
[SourceVersion "1"]
[SourceVersionDate "2018.04.08"]
[SourceQuality "1"]
[WhiteTeam "Schachklub Schweinfurt 2000 e.V."]
[BlackTeam "TSV 1895 Karlburg e.V."]

1. e4 e5 2. Nf3 d6 3. Nc3 Nf6 4. Bc4 Be6 5. Bxe6 fxe6 6. d3 Nc6 7. O-O Be7 8.
Be3 d5 9. h3 d4 10. Bxd4 exd4 11. Ne2 Qd6 12. c3 Ne5 13. Nexd4 Nxf3+ 14. Nxf3
h5 15. e5 Qc6 16. exf6 gxf6 17. Qe2 O-O-O 18. Nd4 Rxd4 19. cxd4 Rg8 20. f3 Bd8
21. Rfe1 f5 22. Qxe6+ Qxe6 23. Rxe6 Bh4 24. Rc1 Rd8 25. Rh6 Rxd4 26. Rxh5 Bg3
27. Rg5 Bf4 28. Rg8+ Rd8 29. Rxd8+ Kxd8 30. Rd1 Be3+ 31. Kf1 Bd4 32. b4 Bc3 33.
b5 c6 34. bxc6 bxc6 35. d4 Kd7 36. g4 fxg4 37. fxg4 Kd6 38. g5 c5 39. dxc5+
Kxc5 40. g6 Kb4 41. Rd3 a5 42. Rxc3 Kxc3 43. g7 1-0